• 首页
  • 本馆介绍
  • 公告通知
  • 最新文献
  • 馆藏检索
  • 电子资源
  • 读者导购
  • 参考咨询
  • 我的图书馆
  • 登录
  • 详细信息显示
  • 放入我的书架
  • 预约/预借图书
  • 作者相关作品
  • 分类相关作品
  • 丛书相关作品
  • 出版社相关作品

书目信息

  • 表格格式
  • 工作单格式
  • 卡片格式
题名:
土壤重金属污染与植物-微生物联合修复技术研究
    
 
作者: 马占强 , 李娟 著
分册:  
出版信息: 北京   中国水利水电出版社  2020.6
页数: 211页
开本: 24cm
丛书名:
单 册:
中图分类: X53 , S156.99
科图分类:
主题词: 土壤污染--重金属污染--生物防治(环境污染)--研究
电子资源:
ISBN: 978-7-5170-7173-0
000 00954nam0 2200253 45
001 012001000587
005 20140911155756.0
010    @a978-7-5170-7173-0@dCNY60.00
100    @a20190402d2019 em y0chiy50 ea
101 0  @achi
102    @aCN@b110000
105    @aa z 000yy
106    @ar
200 1  @a土壤重金属污染与植物-微生物联合修复技术研究@Atu rang zhong jin shu wu ran yu zhi wu - wei sheng wu lian he xiu fu ji shu yan jiu@b专著@f马占强,李娟著
210    @a北京@c中国水利水电出版社@d2020.6
215    @a211页@c图@d24cm
330    @a本书的主要内容有:土壤重金属污染问题及危害、我国重金属排放来源调查、植物对重金属的解毒及机理、微生物对重金属的解毒及机理、苜蓿对土壤重金属的修复研究等。
606 0  @a土壤污染@x重金属污染@x生物防治(环境污染)@x研究
690    @aX53@v5
690    @aS156.99@v5
701  0 @a马占强@Ama zhan qiang@4著
701  0 @a李娟@Ali juan@4著
801  0 @aCN@bBJSDL@c20211011
905    @b1331777-80@dX53@e246@f4
    
    土壤重金属污染与植物-微生物联合修复技术研究/马占强,李娟著.-北京:中国水利水电出版社,2020.6
    211页:图;24cm
    
    
    ISBN 978-7-5170-7173-0:CNY60.00
    本书的主要内容有:土壤重金属污染问题及危害、我国重金属排放来源调查、植物对重金属的解毒及机理、微生物对重金属的解毒及机理、苜蓿对土壤重金属的修复研究等。
●
相关链接 在E读中查询图书 在五车中查询图书 在当当中查询图书 在豆瓣中查询图书


正题名:土壤重金属污染与植物-微生物联合修复技术研究     索取号:X53/246         预约/预借

序号 登录号 条形码 馆藏地/架位号 状态 备注
1 1331777   213317775   第二样本阅览室/ [索取号:X53/246] 在馆    
2 1331778   213317784   第三借阅区/ [索取号:X53/246] 在馆    
3 1331779   213317793   第三借阅区/ [索取号:X53/246] 在馆    
4 1331780   213317800   第三借阅区/ [索取号:X53/246] 在馆    
唐山师范学院图书馆 欢迎您!
大连网信软件有限公司© 版权所有